|
|
|
|
| LEADER |
00000ny a22000003n 4500 |
| 003 |
EbpS |
| 005 |
2011051206516.0 |
| 006 |
m d |||||| |
| 007 |
cr anunnnuuuaa |
| 008 |
060206s us 000 eng d |
| 022 |
0 |
|
|a 1544-9947
|
| 035 |
|
|
|a 4018
|
| 040 |
|
|
|d vLex
|
| 090 |
|
|
|c 1795
|d 1795
|
| 245 |
0 |
0 |
|a FDCC
|h [Recurso electrn̤ico]
|b Federation of Defense & Corporate Counsel Quarterly
|
| 246 |
3 |
|
|a FDCC quarterly
|
| 246 |
3 |
|
|a Federation of Defense & Corporate Counsel Quarterly
|
| 256 |
|
|
|a Servicio en ln̕ea
|
| 260 |
|
|
|a Tampa :
|b Federation of Insurance & Corporate Counsel
|
| 310 |
|
|
|a Trimestral
|
| 506 |
1 |
|
|a Contenido solo disponible en los productos indicados
|d vLex Global
|d vLex Global (Academic Edition, excluding Law Schools)
|d vLex Global (U.S. Academic Edition, excluding Law Schools)
|
| 650 |
0 |
4 |
|a Seguros de la empresa
|x Publicaciones perid̤icas
|
| 650 |
0 |
4 |
|a Sociedades
|x Derecho
|x Publicaciones perid̤icas
|
| 710 |
2 |
|
|a Federation of Defense & Corporate Counsel Quarterly
|
| 740 |
0 |
|
|a vLex Revista (Servicios en ln̕ea)
|
| 780 |
0 |
0 |
|t FICC quarterly,
|x 1542-1651
|
| 843 |
|
|
|a Electrn̤ica. Abierta
|
| 853 |
|
|
|8 1
|i (year)
|j (month)
|k (day)
|
| 856 |
4 |
0 |
|z Acceso restringido
|u http://vlex.com/account/login_ip?fuente_id=4018
|
| 942 |
|
|
|c REV
|